Statistics for Famous Ancient Greek Books

Click here to take the quiz!

General Stats

  • This quiz has been taken 34 times
  • The average score is 8 of 20

Answer Stats

AuthorBook% Correct
HomerThe Iliad
97%
HomerThe Odyssey
97%
SophoclesThe Oedipus Cycle
79%
PlatoThe Republic
72%
EuripidesMedea
55%
HerodotusThe Histories
55%
AesopAesop's Fables
45%
ThucydidesHistory of the Peloponnesian War
41%
OvidMetamorphoses
41%
AristotlePolitics
31%
AristophanesThe Clouds
31%
AristotleThe Nicomachean Ethics
28%
PlatoThe Symposium
28%
AristotleMetaphysics
24%
EuripidesElectra
21%
AeschylusPrometheus Bound
17%
AeschylusThe Orestia
17%
AristotleRhetoric
7%
EuripidesHippolytus
3%
SapphoPoems and Fragments
3%

Score Distribution

Percentile by Number Answered

Percent of People with Each Score

Your Score History

You have not taken this quiz